ბათუმის შოთა რუსთაველის სახელმწიფო უნივერსიტეტის ბიბლიოთეკა

Историко-филологические разыскания = საისტორიო-ფილოლოგიური ძიებანი : (ბიბ.ჩანაწერი № 61181)

000 -LEADER
fixed length control field 01017nam a22001937a 4500
005 - DATE AND TIME OF LATEST TRANSACTION
control field 20231227165228.0
008 - FIXED-LENGTH DATA ELEMENTS--GENERAL INFORMATION
fixed length control field 231227s1980 ru ||||| |||| 00| 0 rus d
041 ## - LANGUAGE CODE
Language code of text/sound track or separate title rus
080 ## - UNIVERSAL DECIMAL CLASSIFICATION NUMBER
Universal Decimal Classification number 902(479.22)+94(479.22) И-90
245 ## - TITLE STATEMENT
Title Историко-филологические разыскания = საისტორიო-ფილოლოგიური ძიებანი :
Remainder of title Ч. 1 /
Statement of responsibility, etc. Р. В. Гордезиани , М. Д. Лордкипанизе и др.
264 ## - PRODUCTION, PUBLICATION, DISTRIBUTION, MANUFACTURE, AND COPYRIGHT NOTICE
Place of production, publication, distribution, manufacture Тбилиси :
Name of producer, publisher, distributor, manufacturer Издательство Тбилисского университета,
Date of production, publication, distribution, manufacture, or copyright notice 1980.
300 ## - PHYSICAL DESCRIPTION
Extent 245 c.;
Other physical details 22 см.
653 ## - INDEX TERM--UNCONTROLLED
keyword საქართველოს არქეოლოგია.
653 ## - INDEX TERM--UNCONTROLLED
keyword საქ. ენთმეცნიერება.
653 ## - INDEX TERM--UNCONTROLLED
keyword საქ. ისტორია.
700 ## - ADDED ENTRY--PERSONAL NAME
Personal name Гордезиани, Р. В.
Relator term რედაქტორი
9 (RLIN) 20920
700 ## - ADDED ENTRY--PERSONAL NAME
Personal name Лордкипанизе, М. Д.
Relator term რედაქტორი
9 (RLIN) 20921
942 ## - ADDED ENTRY ELEMENTS (KOHA)
Source of classification or shelving scheme
Koha item type წიგნი
ეგზემპლარები
Withdrawn status Lost status Source of classification or shelving scheme Damaged status Not for loan Permanent Location Current Location Shelving location Date acquired Cost, normal purchase price Full call number Barcode Date last seen Copy number Uniform Resource Identifier Price effective from Koha item type Public note
          ბათუმის შოთა რუსთაველის სახელმწიფო უნივერსიტეტის მთავარი ბიბლიოთეკა ბათუმის შოთა რუსთაველის სახელმწიფო უნივერსიტეტის მთავარი ბიბლიოთეკა წიგნსაცავი 2023-12-27 8.00 902(479.22)+94(479.22) И-90 65709 2023-12-27 65709 ბსუ-ს საპატიო დოქტორის გურამ ლორთქიფანიძის საჩუქარი 2023-12-27 წიგნი 8 ლ.